| 000 | 00413nam a22001577a 4500 | ||
|---|---|---|---|
| 003 | MPLRDC | ||
| 005 | 20220104114637.0 | ||
| 008 | 210129b ||||| |||| 00| 0 eng d | ||
| 082 | _a628.63 RZ c.2 | ||
| 100 | _a容斋等著 | ||
| 245 |
_a金陵旧梦 _c |
||
| 260 |
_a _b香港致诚出版社 _c1984 |
||
| 300 | _b平 | ||
| 650 | _a中国现代史; 民国史--国民政府迁台以后 | ||
| 942 |
_cBK _o628.63 RZ c.2 |
||
| 999 |
_c9089 _d9079 |
||